Konfliktologiya (Record no. 413)
[ view plain ]
| 000 -LEADER | |
|---|---|
| fixed length control field | 02810nam a2200361 4500 |
| 003 - CONTROL NUMBER IDENTIFIER | |
| control field | OSt |
| 005 - DATE AND TIME OF LATEST TRANSACTION | |
| control field | 20260512081016.0 |
| 008 - FIXED-LENGTH DATA ELEMENTS--GENERAL INFORMATION | |
| fixed length control field | 260512b |||||||| |||| 00| 0 aze d |
| 040 ## - CATALOGING SOURCE | |
| Original cataloging agency | AZ-XaKU |
| Language of cataloging | aze |
| Transcribing agency | AZ-XaKU |
| 041 0# - LANGUAGE CODE | |
| Language code of text/sound track or separate title | aze |
| 050 14 - LIBRARY OF CONGRESS CALL NUMBER | |
| Classification number | HM1126 .Y929 2018 |
| 100 1# - MAIN ENTRY--PERSONAL NAME | |
| Personal name | Yusifov, E.F., |
| Relator term | müəllif. |
| 245 1# - TITLE STATEMENT | |
| Title | Konfliktologiya |
| Remainder of title | / E.F.Yusifov, M.K.Ramazanov ; elmi redaktor Cəlal Qasımov ; rəyçilər Hikmət Məmmədov, Adil Baxşəliyev, Könül Şıxiyeva |
| 264 ## - PRODUCTION, PUBLICATION, DISTRIBUTION, MANUFACTURE, AND COPYRIGHT NOTICE | |
| Place of production, publication, distribution, manufacture | Bakı: |
| Name of producer, publisher, distributor, manufacturer | DTX-in Heydər Əliyev adına Akademiyasının nəşriyyatı, |
| Date of production, publication, distribution, manufacture, or copyright notice | 2018. |
| 300 ## - PHYSICAL DESCRIPTION | |
| Extent | 460 səhifə ; |
| Other physical details | sxem, cədvəl, şəkil; |
| Dimensions | 25 sm. |
| 336 ## - CONTENT TYPE | |
| Content type term | text |
| Content type code | txt |
| Source | rdacontent |
| 337 ## - MEDIA TYPE | |
| Media type term | unmediated |
| Media type code | n |
| Source | rdamedia |
| 338 ## - CARRIER TYPE | |
| Carrier type term | volume |
| Carrier type code | nc |
| Source | rdacarrier |
| 500 ## - GENERAL NOTE | |
| General note | AR DTX-in Heydər Əliyev adına Akademiyasının Elmi Şurasının 23 may 2018-ci il tarixli iclasının (protokol №12) qərarı ilə dərslik kimi nəşrə tövsiyə olunmuşdur. |
| 504 ## - BIBLIOGRAPHY, ETC. NOTE | |
| Bibliography, etc. note | İstifadə olunmuş mənbələr: s. 447-454 |
| 505 0# - Formatted Contents Note | |
| Formatted contents note | Ön söz -- Giriş -- I Fəsil. Konfliktologiyanın mənbələri və nəzəri əsasları -- II Fəsil. Konfliktlərin strukturu, funksiyaları və tədqiqat metodları -- III Fəsil. Şəxsiyyətdaxili konfliktlər -- IV Fəsil. Şəxsiyyətlərarası və qruplararası konfliktlər -- V Fəsil. Hərbi-siyasi konfliktlər -- VI Fəsil. Etnik-milli, siyasi-coğrafi və geosiyasi konfliktlər -- VII Fəsil. Azərbaycan tarixinin konfliktli səhifələri -- VIII Fəsil. Konfliktlərin tənzimlənməsi. |
| 520 0# - SUMMARY, ETC. | |
| Summary, etc. | Dosent Elman Fərhad oğlu Yusifov və dosent Müşfiq Köçəri oğlu Ramazanov tərəfindən yazılan kitabda konfliktologiyanın müstəqil elm kimi təkamülü, əsas konflikt nəzəriyyələri, konfliktlərin müasir tədqiqat metodları, konfliktlərin strukturu, dinamikası və funksiyaları kimi məsələlər öz əksini tapmışdır. <br/>Kitabda eyni zamanda Azərbaycanın ictimai və elmi fikir tarixində konflikt problemləri tarixi kontekstdə araşdırılmış, konfliktologiyanın metodoloji prinsipləri, onların qabaqlanması və idarə edilməsi məsələləri açıqlanmışdır. |
| 521 ## - TARGET AUDIENCE NOTE | |
| Target audience note | Dərslik DTX-nin Heydər Əliyev adına Akademiyasının kursant və dinləyiciləri, həmçinin, konfliktologiya kursunu öyrənən digər universitetlərin tələbə və müəllimləri, eləcə də bu sahədə çalışan elmi işçilər və mütəxəssislər üçün nəzərdə tutulmuşdur. |
| 650 #7 - SUBJECT ADDED ENTRY--TOPICAL TERM | |
| Topical term or geographic name entry element | İqtisadiyyat |
| Source of heading or term | AZ-XaKU |
| 655 ## - INDEX TERM--GENRE/FORM | |
| Source of term | Az-XaKU |
| Genre/form data or focus term | dərslik |
| 700 1# - ADDED ENTRY--PERSONAL NAME | |
| Personal name | Ramazanov, Müşfiq, |
| Relator term | müəllif. |
| 700 1# - ADDED ENTRY--PERSONAL NAME | |
| Personal name | Qasımov, Cəlal, |
| Relator term | elmi redaktor. |
| 700 1# - ADDED ENTRY--PERSONAL NAME | |
| Personal name | Məmmədov, Hikmət, |
| Relator term | rəyçi. |
| 700 1# - ADDED ENTRY--PERSONAL NAME | |
| Personal name | Baxşəliyev, Adil, |
| Relator term | rəyçi. |
| 700 1# - ADDED ENTRY--PERSONAL NAME | |
| Personal name | Şıxiyeva, Könül, |
| Relator term | rəyçi. |
| 942 ## - ADDED ENTRY ELEMENTS (KOHA) | |
| Koha item type | Book |
| Withdrawn status | Lost status | Source of classification or shelving scheme | Damaged status | Not for loan | Collection | Home library | Current library | Date acquired | Total checkouts | Full call number | Barcode | Date last seen | Copy number | Price effective from | Koha item type |
|---|---|---|---|---|---|---|---|---|---|---|---|---|---|---|---|
| Library of Congress Classification | General Collection | Karabakh University Main Library | Karabakh University Main Library | 05/12/2026 | HM1126 .Y929 2018 | 0000000338 | 05/12/2026 | 1 | 05/12/2026 | Book |